El Capitán de Fragata Arturo Prat: Estudios sobre su vida. Por Ramón Guerrero Vergara, Antiguo Teniente de Marina y José Toribio Medina, Abogado

Đã lưu trong:
Chi tiết về thư mục
Tác giả chính: Guerrero Vergara, Ramón (autor)
Tác giả khác: Medina, José Toribio autor
Định dạng: Sách
Ngôn ngữ:Tiếng Tây Ban Nha
Được phát hành: Santiago Imprenta de la Librería del Mercurio, de E. Undurraga, Compañía 94 1879
Phiên bản:1a. ed
Những chủ đề:
Truy cập trực tuyến:grabado de Arturo Prat
Các nhãn: Thêm thẻ
Không có thẻ, Là người đầu tiên thẻ bản ghi này!

MARC

LEADER 00000nam a2200000 a 4500
001 UCJ3821
003 CL-VaPUC
005 20220107074115.0
008 070124e18790000CL |||||||||||||||||spa|d
999 |c 319943  |d 319941 
040 |c Pontificia Universidad Católica de Valparaíso 
082 0 4 |a 983  |b GUE  |2 21 
100 1 |a Guerrero Vergara, Ramón  |e autor  |9 864536 
245 1 3 |a El Capitán de Fragata Arturo Prat: Estudios sobre su vida. Por Ramón Guerrero Vergara, Antiguo Teniente de Marina y José Toribio Medina, Abogado  
250 |a 1a. ed 
260 |a Santiago  |b Imprenta de la Librería del Mercurio, de E. Undurraga, Compañía 94  |c 1879 
300 |a 57 p 
500 |a Front., retrato de Arturo Prat. Empastado junto a otras monografías en un volumen rotulado Arturo Prat y ubicado en 983 GUE 
583 |a last modification  |c 20070124 00:00:00  |k Rodrigo Vera 
600 0 7 |a PRAT, ARTURO  |2 CL-VaPUC  |9 504328 
600 0 7 |a GRAU, MIGUEL  |2 CL-VaPUC  |9 388196 
650 0 |a Biografías  |9 255210 
650 0 |a Guerra del Pacífico  |9 314886 
650 0 |a Iconografía   |9 267998 
651 7 |a CHILE  |2 CL-VaPUC  |9 506215 
651 0 |a Perú  |9 256567 
651 7 |a IQUIQUE  |2 CL-VaPUC  |9 357757 
700 |a Medina, José Toribio  |d autor  |9 864577 
856 7 |f UCJ3821_01.jpg  |u http://opac.pucv.cl/pucv_img/Img-3500/UCJ3821_01.jpg  |q JEPG  |2 file  |z grabado de Arturo Prat 
942 |c BK  |2 ddc 
945 |d 20070124 00:00:00  |a rinostro 
952 |0 0  |1 0  |4 0  |6 983_000000000000000_GUE_1879  |7 0  |8 X  |9 398351  |a FDOBUD  |b FDOBUD  |d 2019-11-22  |i 1027417  |o 983 GUE 1879  |p 1027417  |r 2019-11-22  |w 2019-11-22  |y BK_X  |k BUD